000 00701nab a2200193 4500
001 244442
003 OSt
005 20240618105733.0
007 tu
008 200917s2020|||||||
040 _aDE-2950
_cDE-2950
245 0 0 _aAbrissflächen als Bauland ausweisen ?
_bWahl. Mehr Platz für Eigenheime, dauerhaft günstige Mieten, Nachhaltigkeit beim Bauen. Die Parteien in Frankfurt (Oder) setzen in Sachen Wohnungspolitik unterschiedliche Prioritäten/
_cThomas Gutke
264 _c2024
653 _aFrankfurt (Oder)
653 _aParteienbefragung
653 _aWohnungspolitik
773 0 _g35. Jahrgang (2024) Nr. 118 vom 23.05.2024, S. 16 mit Foto
_tMärkische Oderzeitung
942 _2z
_cA
999 _c373180
_d373180